00880 a2200229 4500020001500000022001800015082001100033090001500044100002500059245015600084260003100240300003100271490006400302500001800366700002200384700002500406700002200431830006400453942002400517999001700541952009200558 a140202259X a9781402022593 a537.24 c1029d10291 aRzoska, Sylwester J.10aNonlinear dielectric phenomena in complex liquidsh[electronic resource] /cSylwester J. Rzoska, Vitaly Zhelezny, Sylwester J. Rzoska, Vitaly Zhelezny. a[S.l.] :bSpringer,c2004. a1 online resource (392 p.)1 aNato science series ii: mathematics, physics and chemistry. aKindle eBook.1 aZhelezny, Vitaly.1 aRzoska, Sylwester J.1 aZhelezny, Vitaly. 0aNato science series ii: mathematics, physics and chemistry. aSNScBKk537.2 RZO c29647d29647 00104070aSNSbSNSd2016-05-26l0o537.2 RZOpSNS0001212r2016-05-26w2016-05-26yBK